Nalaganje...
Sanchi
| Format: | Printed Book |
|---|---|
| Jezik: | Malayalam |
| Izdano: |
Publishing Division, Govt. of India
Publishing Division, Govt. of India
1960
|
| LEADER | 00429nam a2200121Ia 4500 | ||
|---|---|---|---|
| 008 | 111205s9999 xx 000 0 mal d | ||
| 082 | |a 410M RAJ/M | ||
| 245 | |a Sanchi | ||
| 260 | |b Publishing Division, Govt. of India |a Publishing Division, Govt. of India |c 1960 | ||
| 300 | |a 20 | ||
| 942 | |c BK | ||
| 999 | |c 219725 |d 219725 | ||
| 952 | |0 0 |1 0 |4 0 |6 S_11R4 |7 0 |9 242714 |a MAL |b MAL |c SEC |d 2011-12-05 |g 0.00 |l 0 |o S11R4 |p MAL22274 |r 2015-04-13 |v 0.00 |w 2015-04-13 |y BK |k 1.00 | ||